QCM : Géopolitique (Moyen) - Statistiques

Statistiques générales
  • Ce quiz a été pris 1 141 fois
    1 115 depuis la dernière actualisation
  • Le résultat moyen est 12 sur 20
Statistiques - réponses
Question Réponse % Correct
Quel pays est situé à la jonction de l'Asie et de l'Europe, jouant un rôle clé dans la géopolitique régionale ? Turquie
91%
Quelle mer est au centre des tensions entre la Chine et ses voisins en raison de revendications territoriales ? Mer de Chine méridionale
90%
Quel pays a annexé la Crimée en 2014, suscitant des tensions avec l'Ukraine et d'autres pays occidentaux ? Russie
90%
Quelle organisation internationale vise à promouvoir la paix et la sécurité dans le monde, mais a été critiquée pour son manque d'efficacité ? ONU
89%
Quel pays a été le théâtre d'un conflit entre les Serbes, les Croates et les Bosniaques dans les années 1990, marqué par des génocides et des crimes de guerre ? Bosnie-Herzégovine
78%
Quelle région contestée est au cœur du conflit entre l'Inde et le Pakistan ? Cachemire
78%
Quelle guerre a été déclenchée par l'invasion irakienne du Koweït en 1990 ? Guerre du Golfe
77%
Quel président américain a introduit la doctrine de la guerre préventive, justifiant l'invasion de l'Irak en 2003, et a également lancé l'initiative de défense antimissile ? George W. Bush
76%
Quel conflit a conduit à la création de deux États, Israël et Palestine, au XXe siècle ? Guerre des Six Jours
75%
Quelle organisation régionale regroupe des pays d'Amérique du Sud dans le but de renforcer la coopération économique et politique ? MERCOSUR
74%
Quel pays a été divisé en deux après la guerre civile de 1950-1953, créant une frontière fortement fortifiée ? Corée
73%
Quel pays est associé à la doctrine Monroe, affirmant l'hégémonie américaine dans les affaires de l'Amérique latine ? États-Unis
51%
Quelle ville a été le centre de l'ancien bloc communiste et le siège du Pacte de Varsovie pendant la Guerre froide ? Varsovie
44%
Quel accord a établi l'Union européenne en 1999, créant une monnaie unique, l'euro ? Accord de Maastricht
39%
Quel pays a été le théâtre du "Printemps arabe" en 2011, marquant une série de soulèvements populaires ? Égypte
34%
Quel pays d'Amérique du Sud a connu une crise économique majeure en 2001-2002, marquée par des manifestations populaires ? Argentine
30%
Quelle mer est le centre des préoccupations dans le contexte des revendications territoriales entre la Russie et l'Ukraine ? Mer Baltique
24%
Quel pays est le plus grand producteur mondial de pétrole ? États-Unis
18%
Quel pays a été impliqué dans le conflit du Triangle d'or, associé au trafic de drogue et aux mouvements insurgés ? Birmanie
15%
Quelle organisation régionale vise à promouvoir la coopération économique entre les pays d'Asie du Sud ? SAARC
10%
Aucun quiz correspondant
Distribution des résultats
% des personnes avec chaque résultat
Percentile par nombre de réponses
Votre historique - résultats
Vous n’avez pas pris ce quiz depuis la dernière actualisation